000 00314nam a22001457a 4500
008 230913b ||||| |||| 00| 0 eng d
020 _a080532512
041 _aeng
080 _a521
082 _a521FIE
100 _a19
101 _aASTRO
245 _aTHE REDSHIFT CONTROVERSY
_cFIELD.B.G
942 _2udc
_cBK
999 _c60370
_d60370